Móra Ferencné szakácskönyve

Elmentve itt :
Bibliográfiai részletek
Szerző: Péter László
Dokumentumtípus: Cikk
Megjelent: 1987-03-07
Sorozat:Délmagyarország 77 No. 56
Kulcsszavak:Móra Ferencné
Online Access:http://dmarchiv.bibl.u-szeged.hu/97658
LEADER 00453nab a2200157 i 4500
001 delm97658
005 20190919091034.0
008 190919s1987 hu o 0|| hun d
040 |a SZTE Délmagyarország Archívum  |b hun 
041 |a hun 
100 1 |a Péter László 
245 1 0 |a Móra Ferencné szakácskönyve  |h [elektronikus dokumentum] /  |c  Péter László 
260 |c 1987-03-07 
300 |a 6 
490 0 |a Délmagyarország  |v 77 No. 56 
695 |a Móra Ferencné